Štúdium sorpcie inzulínu v priebehu infúznej terapie

Bibliographic Details
Main Authors: Lazorová, M. (Author), Hároníková, Kamila, 1937- (Author), Mandák, Milan, 1924-2005 (Author), Lazorová, L. (Author)
Format: Article
Language:Slovak
PhysicalDescription:Obr. 1. Tb. 2. Res. angl., nem., rus., lit. 30 zázn. v angl.
Subjects:

MARC

LEADER 00000nab a2200000 a 4500
001 vtls000386710
003 SK-MaSNL
005 20260304081403.0
008 250424c1990 xo 0 slo
015 |a SNBRB19rr/mm-uuuuu 
035 |a CL0386833 
035 |a urn:nbn:sk:snk-ab1o3s 
035 |a (urnnbn)urn:nbn:sk:snk:ar-004q8c 
035 |a (uuid)9c0735d6-20a8-4cf0-b695-13bf8fea4f87 
040 |a SNKBUCL  |b slo  |c SNKBUCL  |e AACR2 
041 0 |a slo 
044 |a xo  |c SK 
080 |a 615.27:615.456  |2 1981 
080 |a 615.456  |2 1981 
100 1 |a Lazorová, M.  |4 aut  |9 1369877 
245 1 0 |a Štúdium sorpcie inzulínu v priebehu infúznej terapie  |c M. Lazorová, K. Hároníková, M. Mandák ; L. Lazorová 
300 |b Obr. 1. Tb. 2. Res. angl., nem., rus., lit. 30 zázn. v angl. 
650 0 7 |a infúzia kvapková  |2 snkbucl  |9 1369878 
650 0 7 |a inzulín  |2 snkbucl  |9 14462 
655 7 |a články z novín a časopisov  |2 snkbucl  |9 267496 
700 1 |a Hároníková, Kamila,  |d 1937-  |4 aut  |9 201776 
700 1 |a Mandák, Milan,  |d 1924-2005  |4 aut  |9 211498 
700 1 |a Lazorová, L.  |4 aut  |9 1114451 
773 0 |t Farmaceutický obzor  |g Roč. 59, č. 4 (1990), s. 157-164 
850 |a Slovenská národná knižnica 
852 |a Slovenská národná knižnica 
954 |a odborná, vedecká literatúra pôvodná (slovenská)  |2 lita 
958 |a article27 
958 |a OND 
958 |a NB 
958 |a RK 
958 |a MI 
958 |a EUIPO 
992 |a RBX 
999 |c 2790613  |d 2792543